Текст томруулах:    
The story of America (Бичлэгийн дугаар. 145399)
000 -УДИРДЛАГА
Удирдлага 00609nam a22002417a 4500
003 - ХЯНАЛТЫН ТОО ТОДОРХОЙЛОГЧ
Код MN-UlNUM
005 - БИЧИЛТ ХИЙСЭН ОГНОО
Тухайн бичилтийг бичсэн засварласан сүүлийн огноо 20251107102550.0
008 - ЕРӨНХИЙ МЭДЭЭЛЭЛ
Ерөнхий мэдээлэл 251107s1991 xx ||||| |||| 00| 0 eng d
040 ## - БИЧЛЭГ ҮҮСГЭГЧ БАЙГУУЛЛАГА
Бичлэг үүсгэгч номын сангийн код МУИС-ийн номын сан
084 ## - ББК АНГИЛАЛ
Нэмэлт тусгалт Нэг сэдэвт бүтээл
ББК ангилал 63.3
Зохиогчийн гурван тэмдэгт G 22
Мэдлэгийн ялгаа 63 - Түүх
100 1# - ЗОХИОГЧ
Зохиогчийн нэр Garraty A. John
245 10 - ҮНДСЭН ГАРЧИГ
Номын нэр The story of America
260 ## - ГАРАЛТЫН МЭДЭЭ
Хэвлэгдсэн он 1991
300 ## - МАТЕРИАЛЫН ТОДОРХОЙЛОЛТ
хуудасны тоо 966
500 ## - Тайлбар
Дансны дугаар БС 1993-1994
546 ## - ХЭЛНИЙ ТУХАЙ МЭДЭЭ
Хэл Англи хэл дээр,
740 ## - НОМЫН ГАРЧИГ
Гарчиг Three Discoveries of America
740 ## - НОМЫН ГАРЧИГ
Гарчиг English Colonies in America
740 ## - НОМЫН ГАРЧИГ
Гарчиг Life in Colonial America
740 ## - НОМЫН ГАРЧИГ
Гарчиг Governing the American Colonies
942 ## - ЭЛЕМЕНТИЙН ТӨРӨЛ
Зүйлийн төрөл Ном